大鲸鱼玛丽莲 (Record no. 66611)

000 -LEADER
fixed length control field 00547nam a22002057a 4500
003 - CONTROL NUMBER IDENTIFIER
control field MPLRDC
005 - DATE AND TIME OF LATEST TRANSACTION
control field 20220104200249.0
008 - FIXED-LENGTH DATA ELEMENTS--GENERAL INFORMATION
fixed length control field 210129b ||||| |||| 00| 0 eng d
020 ## - INTERNATIONAL STANDARD BOOK NUMBER
International Standard Book Number 978-7-5526-1743-6
082 ## - DEWEY DECIMAL CLASSIFICATION NUMBER
Classification number 859.99 CAL
100 ## - MAIN ENTRY--PERSONAL NAME
Personal name 大卫·卡里
245 ## - TITLE STATEMENT
Title 大鲸鱼玛丽莲
Statement of responsibility, etc. 孙敏 译; 松加·布加伊娃 绘
250 ## - EDITION STATEMENT
Edition statement 初版二刷
260 ## - PUBLICATION, DISTRIBUTION, ETC.
Place of publication, distribution, etc. 中国
Name of publisher, distributor, etc. 宁波出版社
Date of publication, distribution, etc. 2015
300 ## - PHYSICAL DESCRIPTION
Other physical details
490 ## - SERIES STATEMENT
Series statement 蒲蒲兰绘本馆
520 ## - SUMMARY, ETC.
Summary, etc. 上架 2017-02-01
650 ## - SUBJECT ADDED ENTRY--TOPICAL TERM
Topical term or geographic name entry element 儿童绘本
942 ## - ADDED ENTRY ELEMENTS (KOHA)
Koha item type Book
-- 859.99 CAL
Holdings
Withdrawn status Lost status Source of classification or shelving scheme Damaged status Not for loan Collection code Home library Current library Shelving location Date acquired Cost, normal purchase price Total Checkouts Full call number Barcode Date last seen Date last checked out Price effective from Koha item type Public note
            Malaysian Public Library, Research and Development Centre Malaysian Public Library, Research and Development Centre   02/08/2016 39.40   859.99 CAL 00060202 18/03/2021 17/04/2018 18/03/2021 Book mplrdc

© 2022. Malaysian Public Library, Research and Development Centre. All Right ReservedE-mailmplrdc@help.edu.my 

Powered by Koha